书目信息 |
| 题名: |
世界之最
|
|
| 作者: | 崔钟雷 主编 | |
| 分册: | ||
| 出版信息: | 长春 吉林人民出版社 2008.01 |
|
| 页数: | 414页 | |
| 开本: | 21cm | |
| 丛书名: | 名家推荐学生必读丛书 | |
| 单 册: | ||
| 中图分类: | Z228.2 | |
| 科图分类: | ||
| 主题词: | 科学知识--ke xue zhi shi--青少年读物 | |
| 电子资源: | ||
| ISBN: | 978-7-206-05455-6 | |
| 000 | 00921nam 2200265 450 | |
| 001 | 012008471309 | |
| 005 | 20080425111951.74 | |
| 010 | @a978-7-206-05455-6@dCNY19.80 | |
| 100 | @a20080331d2008 em y0chiy0120 ea | |
| 101 | 0 | @achi |
| 102 | @aCN@b220000 | |
| 105 | @aa z 000yy | |
| 106 | @ar | |
| 200 | 1 | @a世界之最@Ashi jie zhi zui@e彩图版 |
| 210 | @a长春@c吉林人民出版社@d2008.01 | |
| 215 | @a414页@c彩图@d21cm | |
| 225 | 2 | @a名家推荐学生必读丛书@Aming jia tui jian xue sheng bi du cong shu |
| 314 | @a责任者取自版权页 | |
| 330 | @a本书篇幅精练、文字优美,在写作风格上力求通俗易懂,并配有近千幅精美的图片,使知识的介绍更加形象化,使读者在获得知识的同时出获得了艺术上的熏陶。 | |
| 410 | 0 | @12001 @a名家推荐学生必读丛书 |
| 606 | 0 | @a科学知识@Ake xue zhi shi@j青少年读物 |
| 690 | @aZ228.2@v4 | |
| 701 | 0 | @a崔钟雷@Acui zhong lei@4主编 |
| 801 | 0 | @aCN@bQSSK@c20080425 |
| 905 | @b295738-40@dZ228.2@eC979@f3 | |
| 世界之最:彩图版.-长春:吉林人民出版社,2008.01 |
| 414页:彩图;21cm.-(名家推荐学生必读丛书) |
| ISBN 978-7-206-05455-6:CNY19.80 |
| 本书篇幅精练、文字优美,在写作风格上力求通俗易懂,并配有近千幅精美的图片,使知识的介绍更加形象化,使读者在获得知识的同时出获得了艺术上的熏陶。 |
| ● |
| 相关链接 |
|
|
|
正题名:世界之最
索取号:Z228.2/C979
 
预约/预借
| 序号 | 登录号 | 条形码 | 馆藏地/架位号 | 状态 | 备注 |
| 1 | 295738 | 202957381 | 期刊室512/501自科库 128排2列4层/ [索取号:Z228.2/C979] | 在馆 | |
| 2 | 295739 | 202957390 | 自科库501/501自科库 128排2列4层/ [索取号:Z228.2/C979] | 在馆 | |
| 3 | 295740 | 202957407 | 自科库501/501自科库 128排2列4层/ [索取号:Z228.2/C979] | 在馆 |